Ďalšie vzdelávanie ako forma prípravy ľudských zdrojov pre trh práce
Ľudské zdroje a ich postavenie na trhu práce. Triedenie populačných kategórií z hľadiska zamestnanosti a nezamestnanosti. Celoživotné vzdelávanie ako faktor dynamizácie existujúcich ľudských zdrojov v spoločnosti.
Enregistré dans:
| Auteur principal: | |
|---|---|
| Format: | Chapitre de livre |
| Langue: | slovaque |
| Sujets: | |
| Tags: |
Pas de tags, Soyez le premier à ajouter un tag!
|
MARC
| LEADER | 00000naa a2200000 4500 | ||
|---|---|---|---|
| 001 | r037216 | ||
| 005 | 20230918075912.4 | ||
| 041 | 0 | |a slo | |
| 044 | |a SK | ||
| 245 | 1 | 0 | |a Ďalšie vzdelávanie ako forma prípravy ľudských zdrojov pre trh práce |c Marta Matulčíková-Ďurovičová |
| 520 | |a Ľudské zdroje a ich postavenie na trhu práce. Triedenie populačných kategórií z hľadiska zamestnanosti a nezamestnanosti. Celoživotné vzdelávanie ako faktor dynamizácie existujúcich ľudských zdrojov v spoločnosti. | ||
| 610 | 2 | 0 | |a vzdelávanie permanentné |
| 610 | 2 | 0 | |a zdroje ľudské |
| 610 | 2 | 0 | |a trh práce |
| 610 | 2 | 0 | |a ponuka práce |
| 610 | 2 | 0 | |a dopyt po práci |
| 610 | 2 | 0 | |a zamestnanosť |
| 610 | 2 | 0 | |a populácia |
| 610 | 2 | 0 | |a Slovensko |
| 100 | 1 | |a Matulčíková-Ďurďovičová, Marta, 1964- | |